[Event "Titled Tuesday intern op 23rd Jan Late"]
[Site "Chess.com INT"]
[Date "2024.01.23"]
[Round "3"]
[White "Tatarinov, Dmitry"]
[Black "Bluebaum, Matthias"]
[Result "0-1"]
[WhiteElo "2332"]
[BlackElo "2655"]
[PlyCount "116"]
[EventDate "2024.01.23"]
[EventType "swiss (blitz)"]
[EventRounds "11"]
[EventCountry "USA"]
[SourceTitle "CB05_2024"]
[SourceDate "2024.01.31"]
[SourceVersion "1"]
[SourceVersionDate "2024.01.31"]
[SourceQuality "1"]

1. d4 d5 2. c4 e6 3. Nc3 Bb4 4. Nf3 Nf6 5. Bf4 dxc4 6. e3 b5 7. Be2 Bb7 8. 0-0 c6 9. Qc2 0-0 10. Rfc1 Nbd7 11. Bg3 a6 12. b3 cxb3 13. axb3 Be7 14. Ne4 Nxe4 15. Qxe4 Qb6 16. Ne5 Nxe5 17. Bxe5 c5 18. dxc5 Bxc5 19. Qg4 f6 20. Bc3 b4 21. Bd4 Bxd4 22. exd4 Bd5 23. Bc4 Bxc4 24. Rxc4 a5 25. Rac1 f5 26. Qf4 Rad8 27. h4 Qd6 28. Qe3 Qe7 29. h5 h6 30. Rc7 Rd7 31. Rxd7 Qxd7 32. Rc5 Ra8 33. Qe5 Rc8 34. Rxc8+ Qxc8 35. d5 Kf7 36. dxe6+ Qxe6 37. Qxa5 Qxb3 38. Qxf5+ Kg8 39. Qc8+ Kf7 40. Qd7+ Kf6 41. Qd6+ Kf5 42. Qd7+ Ke4 43. Qe7+ Kd3 44. Qxg7 Qd1+ 45. Kh2 Qxh5+ 46. Kg1 b3 47. Qd7+ Kc2 48. Qc6+ Kb2 49. f4 Qd1+ 50. Kh2 Qg4 51. Qf6+ Kb1 52. f5 b2 53. Qe5 Ka2 54. Qa5+ Kb3 55. Qb5+ Qb4 56. Qd5+ Ka3 57. Qd3+ Ka2 58. Qd2 Qxd2 0-1

[Event "Titled Tuesday intern op 23rd Jan Late"]
[Site "Chess.com INT"]
[Date "2024.01.23"]
[Round "5"]
[White "Tatarinov, Dmitry"]
[Black "Grischuk, Alexander"]
[Result "0-1"]
[WhiteElo "2332"]
[BlackElo "2732"]
[PlyCount "65"]
[EventDate "2024.01.23"]
[EventType "swiss (blitz)"]
[EventRounds "11"]
[EventCountry "USA"]
[SourceTitle "CB05_2024"]
[SourceDate "2024.01.31"]
[SourceVersion "1"]
[SourceVersionDate "2024.01.31"]
[SourceQuality "1"]

1. e4 e5 2. Nf3 Nc6 3. Bc4 Bc5 4. d3 Nf6 5. h3 d6 6. a4 0-0 7. c3 a6 8. 0-0 Ba7 9. Na3 h6 10. Nc2 Ne7 11. Re1 Ng6 12. Be3 Bxe3 13. Nxe3 c6 14. Bb3 Re8 15. a5 d5 16. exd5 cxd5 17. d4 e4 18. Ne5 Nxe5 19. dxe5 Rxe5 20. Qd4 Rg5 21. h4 Rh5 22. g3 Bg4 23. Nxg4 Nxg4 24. Bd1 Qc8 25. c4 Qe6 26. cxd5 Rxd5 27. Bxg4 Rxd4 28. Bxe6 fxe6 29. Rac1 Rb4 30. Re2 Rf8 31. Rce1 Rf5 32. Rxe4 Rxb2 33. R1e3 0-1

[Event "Titled Tuesday intern op 16th Jan Early"]
[Site "Chess.com INT"]
[Date "2024.01.16"]
[Round "6"]
[White "Baskakov, Egor"]
[Black "Tatarinov, Dmitry"]
[Result "0-1"]
[WhiteElo "2215"]
[BlackElo "2332"]
[PlyCount "94"]
[EventDate "2024.01.16"]
[EventType "swiss (blitz)"]
[EventRounds "11"]
[EventCountry "USA"]
[SourceTitle "CB04_2024"]
[SourceDate "2023.10.16"]
[SourceVersion "1"]
[SourceVersionDate "2023.10.16"]
[SourceQuality "1"]

1. e4 c5 2. Nf3 g6 3. d4 cxd4 4. Nxd4 Bg7 5. Nc3 Nc6 6. Nde2 Nf6 7. g3 0-0 8. Bg2 d6 9. h3 a6 10. a4 Nd7 11. 0-0 Nb4 12. Be3 Nc5 13. a5 Be6 14. Qd2 Rc8 15. Rfd1 Nc6 16. Nd5 Ne5 17. b3 Bxh3 18. Bxc5 Rxc5 19. c4 Bg4 20. Qe3 Nc6 21. Rac1 Rxa5 22. Bf3 Bxf3 23. Qxf3 e6 24. Ndf4 Qe7 25. Kg2 Ne5 26. Qe3 Rc8 27. Qb6 Nc6 28. Rc2 Ra3 29. Rcd2 Be5 30. Nd3 Qc7 31. Qe3 Rxb3 32. Qg5 Bg7 33. Nef4 Nd4 34. c5 dxc5 35. Rh1 c4 36. Nc1 Rb5 37. Qh4 h6 38. Qh3 c3 39. Ra2 Rb2 40. Ra4 Qc6 41. Rxd4 Bxd4 42. Re1 Bg7 43. Qg4 Rd8 44. Ncd3 Rd2 45. Re3 c2 46. Nxg6 fxg6 47. Qxg6 R2xd3 0-1

[Event "Titled Tuesday intern op 16th Jan Early"]
[Site "Chess.com INT"]
[Date "2024.01.16"]
[Round "2"]
[White "Tatarinov, Dmitry"]
[Black "Harriott, Tyrell"]
[Result "1/2-1/2"]
[WhiteElo "2332"]
[BlackElo "1802"]
[PlyCount "213"]
[EventDate "2024.01.16"]
[EventType "swiss (blitz)"]
[EventRounds "11"]
[EventCountry "USA"]
[SourceTitle "CB04_2024"]
[SourceDate "2023.10.16"]
[SourceVersion "1"]
[SourceVersionDate "2023.10.16"]
[SourceQuality "1"]

1. e4 d5 2. exd5 Nf6 3. Nc3 Nxd5 4. Nge2 g6 5. g3 Bg7 6. Bg2 c6 7. 0-0 0-0 8. Re1 Na6 9. Nxd5 cxd5 10. d4 Bf5 11. c3 Rc8 12. Nf4 Nc7 13. h4 Qd7 14. h5 Be6 15. hxg6 hxg6 16. Bf3 Bf5 17. Kg2 b5 18. Rh1 e5 19. dxe5 Bxe5 20. Be3 Rfd8 21. Bd4 Qd6 22. Qg1 Bxd4 23. cxd4 Qf6 24. Qh2 Qg7 25. Rae1 b4 26. Re5 Ne6 27. Nxd5 Rxd5 28. Bxd5 Nxd4 29. Re7 Be6 30. Bxe6 Nxe6 31. Rd1 Nf8 32. Rdd7 Nxd7 33. Rxd7 Qe5 34. Qh4 Qxb2 35. Qf4 Rf8 36. Rxa7 Qc3 37. Rc7 Qb2 38. Qc4 Qa3 39. Rb7 Qa8 40. Qd5 Kg7 41. Kg1 Kg8 42. Kf1 Qa6+ 43. Kg1 Qa8 44. Kh2 Kg7 45. Qd4+ Kg8 46. Rxb4 Qxa2 47. Qf6 Qe6 48. Qb2 f6 49. Rb6 Qe5 50. Qc2 Qh5+ 51. Kg1 Rd8 52. Qc4+ Kh8 53. Kg2 Qd5+ 54. Qxd5 Rxd5 55. Rxf6 Kg7 56. Rb6 Rd7 57. f4 Rf7 58. Kf3 Re7 59. Kg4 Ra7 60. Rb5 Rc7 61. Kg5 Ra7 62. g4 Rc7 63. Rb6 Rc5+ 64. Kh4 Rc7 65. Kg3 Rc3+ 66. Kf2 Rc2+ 67. Ke3 Rc3+ 68. Kd4 Rg3 69. g5 Rf3 70. Ke4 Rf1 71. Rb7+ Kg8 72. Ke5 Rf2 73. Rc7 Rf1 74. Kf6 Rxf4+ 75. Kxg6 Rf8 76. Rg7+ Kh8 77. Rf7 Ra8 78. Re7 Kg8 79. Re6 Rb8 80. Rd6 Ra8 81. Rd7 Ra6+ 82. Kf5 Rb6 83. Re7 Ra6 84. g6 Ra5+ 85. Kf6 Ra6+ 86. Kg5 Ra5+ 87. Kh6 Ra8 88. Rg7+ Kh8 89. Rh7+ Kg8 90. Rg7+ Kh8 91. Rd7 Kg8 92. Rd6 Rb8 93. Kg5 Rb1 94. Rd8+ Kg7 95. Rd7+ Kg8 96. Kf6 Rf1+ 97. Kg5 Rg1+ 98. Kh6 Rh1+ 99. Kg5 Rg1+ 100. Kf6 Re1 101. Rg7+ Kf8 102. Rh7 Rf1+ 103. Ke6 Re1+ 104. Kf5 Rf1+ 105. Ke6 Re1+ 106. Kf5 Rf1+ 107. Ke6 1/2-1/2

[Event "Titled Tuesday intern op 16th Jan Early"]
[Site "Chess.com INT"]
[Date "2024.01.16"]
[Round "4"]
[White "Valle Luis, Leo"]
[Black "Tatarinov, Dmitry"]
[Result "0-1"]
[WhiteElo "2257"]
[BlackElo "2332"]
[PlyCount "72"]
[EventDate "2024.01.16"]
[EventType "swiss (blitz)"]
[EventRounds "11"]
[EventCountry "USA"]
[SourceTitle "CB04_2024"]
[SourceDate "2023.10.16"]
[SourceVersion "1"]
[SourceVersionDate "2023.10.16"]
[SourceQuality "1"]

1. e4 e5 2. Nf3 Nc6 3. Bb5 a6 4. Ba4 Bc5 5. c3 Nge7 6. 0-0 Ba7 7. d4 Ng6 8. Bg5 f6 9. Be3 0-0 10. Nbd2 d6 11. h3 Kh8 12. Re1 Nce7 13. Bc2 Bd7 14. Nf1 Qe8 15. Ng3 Nf4 16. Bxf4 exf4 17. Nf5 g5 18. Nh2 Nxf5 19. exf5 Qf7 20. Qf3 c6 21. d5 cxd5 22. Rad1 Rae8 23. Rxe8 Rxe8 24. Nf1 Re5 25. Bb3 Bc6 26. g4 Kg7 27. Rd2 h5 28. gxh5 Rxf5 29. Qg4 Re5 30. Bc2 Qe6 31. Qf3 d4 32. Qd3 Be4 33. Bb3 Bxd3 34. Bxe6 Bxf1 35. cxd4 Rxe6 36. Kxf1 Re4 0-1

[Event "Titled Tuesday intern op 09th Jan Early"]
[Site "Chess.com INT"]
[Date "2024.01.09"]
[Round "4"]
[White "Alekseenko, Kirill"]
[Black "Tatarinov, Dmitry"]
[Result "1-0"]
[WhiteElo "2650"]
[BlackElo "2332"]
[PlyCount "63"]
[EventDate "2024.01.09"]
[EventType "swiss (blitz)"]
[EventRounds "11"]
[EventCountry "USA"]
[SourceTitle "CB03_2024"]
[SourceDate "2024.01.17"]
[SourceVersion "1"]
[SourceVersionDate "2024.01.17"]
[SourceQuality "1"]

1. e4 e5 2. Nf3 Nc6 3. Bc4 Bc5 4. d3 Nf6 5. Nc3 h6 6. h3 d6 7. a4 a6 8. Be3 Bxe3 9. fxe3 0-0 10. 0-0 Be6 11. Nd2 d5 12. exd5 Nxd5 13. e4 Ne3 14. Qe2 Nxf1 15. Rxf1 Bxc4 16. Nxc4 Qd4+ 17. Kh1 Rad8 18. Ne3 Qd7 19. Qh5 f6 20. Rf3 Qf7 21. Qh4 Nd4 22. Rg3 Kh7 23. Nf5 Rg8 24. Kh2 Nxf5 25. exf5 Rd4 26. Ne4 a5 27. c3 Rdd8 28. Rg6 Rxd3 29. Qh5 Qf8 30. Qe2 Rd7 31. Qb5 b6 32. Qe2 1-0

[Event "Titled Tuesday intern op 12th Dec Early"]
[Site "Chess.com INT"]
[Date "2023.12.12"]
[Round "4"]
[White "Tatarinov, Dmitry"]
[Black "Santos Flores, Alberto Javier"]
[Result "1/2-1/2"]
[WhiteElo "2332"]
[BlackElo "2183"]
[PlyCount "101"]
[EventDate "2023.12.12"]
[EventType "swiss (blitz)"]
[EventRounds "11"]
[EventCountry "USA"]
[SourceTitle "CB51_2023"]
[SourceDate "2023.12.20"]
[SourceVersion "1"]
[SourceVersionDate "2023.12.20"]
[SourceQuality "1"]

1. Nf3 Nf6 2. g3 d5 3. Bg2 Bf5 4. 0-0 c6 5. d3 h6 6. Nbd2 e6 7. b3 a5 8. Bb2 a4 9. c4 Nbd7 10. Qc2 Be7 11. Rfe1 Bh7 12. Ne5 Nxe5 13. Bxe5 0-0 14. Rab1 axb3 15. axb3 Nd7 16. Bc3 Bf6 17. b4 Bxc3 18. Qxc3 Qf6 19. Qxf6 Nxf6 20. cxd5 cxd5 21. Nb3 Rfc8 22. Rec1 Kf8 23. f4 Ke7 24. Nd4 Kd7 25. Bf3 Rxc1+ 26. Rxc1 Ra2 27. g4 Rb2 28. Nc2 g5 29. fxg5 hxg5 30. Kf2 Kd6 31. Ke3 e5 32. Kd2 e4 33. dxe4 dxe4 34. Bh1 e3+ 35. Kc3 Rxc2+ 36. Rxc2 Bxc2 37. Kxc2 Nxg4 38. h3 Nf2 39. Bxb7 Nxh3 40. Kd3 Nf4+ 41. Kxe3 Nd5+ 42. Ke4 Nxb4 43. Kf5 Nc2 44. Kxg5 Ke5 45. Kg4 Nd4 46. Ba6 Ke4 47. Bd3+ Ke3 48. Kg5 Nxe2 49. Bxe2 Kxe2 50. Kf6 Ke3 51. Kxf7 1/2-1/2

[Event "Titled Tuesday intern op 24th Oct Late"]
[Site "Chess.com INT"]
[Date "2023.10.24"]
[Round "1"]
[White "Tatarinov, Dmitry"]
[Black "Tabuenca Mendataurigoitia, Daniel"]
[Result "0-1"]
[WhiteElo "2310"]
[BlackElo "2351"]
[PlyCount "102"]
[EventDate "2023.10.24"]
[EventType "swiss (blitz)"]
[EventRounds "11"]
[EventCountry "USA"]
[SourceTitle "Mega2024 Update 01"]
[Source "Chessbase"]
[SourceDate "2023.11.12"]
[SourceVersion "1"]
[SourceVersionDate "2023.11.12"]
[SourceQuality "1"]

1. e4 Nc6 2. d4 d5 3. e5 Bf5 4. c3 Qd7 5. Bb5 a6 6. Ba4 f6 7. Nf3 0-0-0 8. 0-0 g5 9. Re1 h5 10. b4 b5 11. Bc2 h4 12. a4 Kb7 13. axb5 axb5 14. Bxf5 Qxf5 15. Qe2 Na7 16. Be3 c6 17. Qa2 Nc8 18. Qa8+ Kc7 19. Nbd2 g4 20. Nb3 Kd7 21. Nc5+ Ke8 22. Qxc6+ Kf7 23. exf6 gxf3 24. fxe7 Ngxe7 25. Qxb5 Rg8 26. g3 hxg3 27. fxg3 Qh3 28. Qf1 Rxg3+ 29. hxg3 Qxg3+ 30. Kh1 Bg7 31. Bh6 Rh8 32. Re6 Bf6 33. Rxf6+ Kxf6 34. Ra6+ Nd6 35. Rxd6+ Qxd6 36. Qxf3+ Kg6 37. Kg2 Rxh6 38. Nd3 Qh2+ 39. Kf1 Qh1+ 40. Qxh1 Rxh1+ 41. Kg2 Rd1 42. Ne5+ Kf5 43. Kf2 Rc1 44. b5 Rxc3 45. Ke2 Rb3 46. Nf7 Ke6 47. Ne5 Rxb5 48. Nd3 Ra5 49. Kd2 Kd6 50. Kc2 Nf5 51. Kc3 Ra3+ 0-1

[Event "Titled Tuesday intern op 26th Sep Late"]
[Site "Chess.com INT"]
[Date "2023.09.26"]
[Round "10"]
[White "He, Samuel Fei"]
[Black "Tatarinov, Dmitry"]
[Result "0-1"]
[WhiteElo "2168"]
[BlackElo "2310"]
[PlyCount "90"]
[EventDate "2023.09.26"]
[EventType "swiss (blitz)"]
[EventRounds "11"]
[EventCountry "USA"]
[SourceTitle "EXT 2024"]
[Source "ChessBase"]
[SourceDate "2023.10.10"]
[SourceVersion "1"]
[SourceVersionDate "2023.10.10"]
[SourceQuality "1"]

1. d4 Nf6 2. Nf3 d5 3. Bf4 c5 4. e3 Nc6 5. Nbd2 Bg4 6. h3 Bh5 7. c3 e6 8. Qa4 Nd7 9. g4 Bg6 10. h4 h5 11. g5 Be7 12. Ne5 Ndxe5 13. Bxe5 0-0 14. Bg3 c4 15. Qd1 b5 16. Be2 b4 17. Bxh5 bxc3 18. bxc3 Qa5 19. Bxg6 fxg6 20. Rc1 Rf5 21. f4 Ba3 22. Rc2 Rb8 23. h5 Rb2 24. hxg6 Rxc2 25. Qxc2 Ne7 26. e4 Rf8 27. f5 exf5 28. exd5 Qxd5 29. Nf3 Nxg6 30. Qe2 f4 31. Bf2 Bd6 32. 0-0 Rf5 33. Qe8+ Kh7 34. Be1 Be7 35. Rf2 Bxg5 36. Rh2+ Bh6 37. Qe2 Kg8 38. Qe8+ Nf8 39. Ne5 f3 40. Bf2 Rf6 41. Rh3 Re6 42. Qh5 Rb6 43. Rg3 Rb1+ 44. Kh2 Bf4 45. Qf7+ Qxf7 0-1

[Event "Titled Tuesday intern op 26th Sep Late"]
[Site "Chess.com INT"]
[Date "2023.09.26"]
[Round "3"]
[White "Oparin, Grigoriy"]
[Black "Tatarinov, Dmitry"]
[Result "1-0"]
[WhiteElo "2681"]
[BlackElo "2310"]
[PlyCount "65"]
[EventDate "2023.09.26"]
[EventType "swiss (blitz)"]
[EventRounds "11"]
[EventCountry "USA"]
[SourceTitle "EXT 2024"]
[Source "ChessBase"]
[SourceDate "2023.10.10"]
[SourceVersion "1"]
[SourceVersionDate "2023.10.10"]
[SourceQuality "1"]

1. Nc3 c5 2. e4 Nc6 3. Nf3 g6 4. d4 cxd4 5. Nxd4 Bg7 6. Be3 Nf6 7. Bc4 0-0 8. Bb3 Re8 9. 0-0 d6 10. Nxc6 bxc6 11. h3 a5 12. Re1 Qc7 13. Bg5 Nd7 14. Qd2 Nc5 15. Bc4 Be6 16. Bf1 a4 17. b4 axb3 18. axb3 Rxa1 19. Rxa1 Bxc3 20. Qxc3 Nxe4 21. Qe3 Nxg5 22. Qxg5 d5 23. h4 Qd6 24. h5 f6 25. Qe3 Bf7 26. h6 Qe5 27. Qxe5 fxe5 28. Ra7 Kf8 29. Rc7 Ra8 30. Rxc6 Ra1 31. f3 Rb1 32. Kf2 g5 33. Rc8+ 1-0

[Event "Titled Tuesday intern op 26th Sep Late"]
[Site "Chess.com INT"]
[Date "2023.09.26"]
[Round "11"]
[White "Tatarinov, Dmitry"]
[Black "Chigaev, Maksim"]
[Result "1/2-1/2"]
[WhiteElo "2310"]
[BlackElo "2615"]
[PlyCount "108"]
[EventDate "2023.09.26"]
[EventType "swiss (blitz)"]
[EventRounds "11"]
[EventCountry "USA"]
[SourceTitle "EXT 2024"]
[Source "ChessBase"]
[SourceDate "2023.10.10"]
[SourceVersion "1"]
[SourceVersionDate "2023.10.10"]
[SourceQuality "1"]

1. c4 e6 2. d4 d5 3. Nc3 Nf6 4. cxd5 exd5 5. Bg5 c6 6. e3 h6 7. Bh4 Be7 8. Qc2 0-0 9. Bd3 Re8 10. Nge2 Nbd7 11. 0-0 Nh5 12. Bxe7 Qxe7 13. Rab1 a5 14. a3 Qg5 15. b4 axb4 16. axb4 Ndf6 17. b5 Qh4 18. Bf5 g6 19. Bxc8 Raxc8 20. bxc6 bxc6 21. Rb7 Ng7 22. h3 Nf5 23. Nf4 Nxd4 24. Nxg6 Nxc2 25. Nxh4 d4 26. exd4 Nxd4 27. Rd1 c5 28. Nb5 Rcd8 29. Nxd4 Rxd4 30. Rxd4 cxd4 31. Rb1 Nd5 32. Rd1 Nc3 33. Rd3 Re1+ 34. Kh2 Rd1 35. Rxd1 Nxd1 36. Kg3 d3 37. Nf3 Nb2 38. Nd2 Kg7 39. Kf4 Kg6 40. g4 h5 41. f3 f6 42. h4 Nd1 43. Ke4 Nb2 44. Ke3 Kh6 45. Ne4 Kg6 46. Ng3 hxg4 47. fxg4 Nd1+ 48. Kxd3 Nf2+ 49. Ke3 Nxg4+ 50. Kf4 Nh6 51. h5+ Kh7 52. Nf5 Nxf5 53. Kxf5 Kh6 54. Kxf6 Kxh5 1/2-1/2

[Event "Titled Tuesday intern op 26th Sep Late"]
[Site "Chess.com INT"]
[Date "2023.09.26"]
[Round "7"]
[White "Tatarinov, Dmitry"]
[Black "Martinez Reyes, Pedro Ramon"]
[Result "1-0"]
[WhiteElo "2310"]
[BlackElo "2344"]
[PlyCount "55"]
[EventDate "2023.09.26"]
[EventType "swiss (blitz)"]
[EventRounds "11"]
[EventCountry "USA"]
[SourceTitle "EXT 2024"]
[Source "ChessBase"]
[SourceDate "2023.10.10"]
[SourceVersion "1"]
[SourceVersionDate "2023.10.10"]
[SourceQuality "1"]

1. d4 Nf6 2. c4 c5 3. Nc3 cxd4 4. Qxd4 Nc6 5. Qd2 e5 6. e4 Bb4 7. Bd3 Qa5 8. Nge2 Nd4 9. 0-0 Nxe2+ 10. Qxe2 Bxc3 11. bxc3 d6 12. f4 0-0 13. fxe5 Qxe5 14. Bf4 Qe6 15. e5 dxe5 16. Qxe5 Qxe5 17. Bxe5 Be6 18. Bxf6 gxf6 19. Rxf6 Rad8 20. Bf1 Rd2 21. Rf2 Rfd8 22. a4 Rd1 23. Rxd1 Rxd1 24. Rf4 Rc1 25. Kf2 Rxc3 26. Be2 Ra3 27. c5 Rxa4 28. Rxa4 1-0

[Event "Titled Tuesday intern op 05th Sep Late"]
[Site "Chess.com INT"]
[Date "2023.09.05"]
[Round "2"]
[White "Marcziter, Dmitrii"]
[Black "Tatarinov, Dmitry"]
[Result "0-1"]
[WhiteElo "2236"]
[BlackElo "2310"]
[PlyCount "88"]
[EventDate "2023.09.05"]
[EventType "swiss (blitz)"]
[EventRounds "11"]
[EventCountry "USA"]
[SourceTitle "EXT 2024"]
[Source "ChessBase"]
[SourceDate "2023.10.10"]
[SourceVersion "1"]
[SourceVersionDate "2023.10.10"]
[SourceQuality "1"]

1. d4 Nf6 2. c4 e6 3. Nf3 d5 4. Nc3 dxc4 5. e3 c5 6. Bxc4 a6 7. 0-0 cxd4 8. Qxd4 Qxd4 9. Nxd4 Bd7 10. e4 Nc6 11. Nde2 Rc8 12. Bb3 Bc5 13. Bg5 h6 14. Bh4 g5 15. Bg3 Ke7 16. Rad1 Nh5 17. Na4 Nxg3 18. hxg3 Ba7 19. Rd2 Rhd8 20. Rfd1 Na5 21. Nac3 Nxb3 22. axb3 Bc6 23. Rxd8 Rxd8 24. Rxd8 Kxd8 25. Kf1 Ke7 26. f3 a5 27. Ke1 b5 28. Kd2 b4 29. Nd1 h5 30. Ne3 Bb5 31. Nc4 Bxc4 32. bxc4 a4 33. Nc1 Bd4 34. Kc2 b3+ 35. Kb1 Kd6 36. Ne2 Kc5 37. f4 g4 38. f5 e5 39. Kc1 Kxc4 40. Kb1 Kd3 41. Nxd4 Kxd4 42. Kc1 Kxe4 43. f6 Kd3 44. Kd1 e4 0-1

[Event "Titled Tuesday intern op 29th Aug Early"]
[Site "Chess.com INT"]
[Date "2023.08.29"]
[Round "4"]
[White "Ai, Evan Zihao"]
[Black "Tatarinov, Dmitry"]
[Result "1-0"]
[WhiteElo "2199"]
[BlackElo "2310"]
[PlyCount "49"]
[EventDate "2023.08.29"]
[EventType "swiss (blitz)"]
[EventRounds "11"]
[EventCountry "USA"]
[SourceTitle "EXT 2024"]
[Source "ChessBase"]
[SourceDate "2023.10.10"]
[SourceVersion "1"]
[SourceVersionDate "2023.10.10"]
[SourceQuality "1"]

1. e4 c5 2. Nf3 e6 3. d4 cxd4 4. Nxd4 Nc6 5. Nc3 Nf6 6. Nxc6 bxc6 7. e5 Nd5 8. Ne4 Qc7 9. f4 Qb6 10. c4 Ne3 11. Qd3 Nxf1 12. Rxf1 Bb7 13. Bd2 c5 14. Bc3 Be7 15. f5 exf5 16. Rxf5 Qg6 17. Nd6+ Bxd6 18. exd6 0-0 19. 0-0-0 Rfe8 20. Rxc5 Be4 21. Qd2 Re6 22. Rg5 Qh6 23. Bxg7 Qh4 24. Bf6+ Bg6 25. Rxg6+ 1-0

[Event "Titled Tuesday intern op 22nd Aug Late"]
[Site "Chess.com INT"]
[Date "2023.08.22"]
[Round "5"]
[White "Tatarinov, Dmitry"]
[Black "Dominguez Perez, Leinier"]
[Result "0-1"]
[WhiteElo "2310"]
[BlackElo "2739"]
[PlyCount "84"]
[EventDate "2023.08.22"]
[EventType "swiss (blitz)"]
[EventRounds "11"]
[EventCountry "USA"]
[SourceTitle "EXT 2024"]
[Source "ChessBase"]
[SourceDate "2023.10.10"]
[SourceVersion "1"]
[SourceVersionDate "2023.10.10"]
[SourceQuality "1"]

1. d4 Nf6 2. c4 e6 3. Nc3 Bb4 4. Bd2 0-0 5. e3 b6 6. Nf3 Bb7 7. Bd3 d5 8. cxd5 exd5 9. Qc2 c5 10. a3 Bxc3 11. Bxc3 c4 12. Bf5 Nbd7 13. 0-0 b5 14. Ne5 g6 15. Bxd7 Nxd7 16. f3 a5 17. b4 axb4 18. Bxb4 Re8 19. Qb2 Qc7 20. Bc3 Bc6 21. h4 f6 22. Nxd7 Qxd7 23. Rae1 Re6 24. h5 Rae8 25. Qf2 Qe7 26. Qg3 g5 27. Bb4 Qf7 28. f4 Qxh5 29. fxg5 Qxg5 30. Qc7 Qg7 31. Qf4 Re4 32. Qxf6 Qxf6 33. Rxf6 R8e6 34. Rf8+ Kg7 35. Ref1 Be8 36. Bd2 Bg6 37. Rb8 Rg4 38. Rf2 Be4 39. Rxb5 Reg6 40. Rb7+ Kh6 41. a4 Rxg2+ 42. Kf1 Bd3+ 0-1